| 000 | 00526nam a2200157Ia 4500 | ||
|---|---|---|---|
| 008 | 170221s9999 xx 000 0 und d | ||
| 100 | _aSeyed Reza Naghibulsadat | ||
| 245 | _aIranian and Non-Iranian Social Networks’ Structures; A Comparative Study | ||
| 245 | _cSeyed Reza Naghibulsadat, Fatemeh Qasabi, Parisa Farhadi | ||
| 260 | _bOnline Journal of Communication and Media Technologies | ||
| 260 | _c2015 | ||
| 300 | _a5 : 3 | ||
| 650 | _xCommunication | ||
| 650 | _xMedia Arts | ||
| 856 | _uhttp://www.ojcmt.net/ | ||
| 999 |
_c307041 _d307041 |
||